000 00367cam a2200157ua 4500
041 _aeng
_h
082 _a828.09
_bHUL/WR
100 _aHull, Helen .
245 0 0 _aWriter`s book /
_cHelen Hull.
_hTextual Documents
250 _a1 /
_b.
260 _aNew York :
_bBarnes & Noble ,
_c1960.
300 _a353 ; .
504 _a
942 _cBK
999 _c3507
_d3507